000
00253nam a2200109Ia 4500
005
20251222143309.0
008
251222s9999||||xx |||||||||||||| ||spa||
082
_a
262.91/P77
245
0
_a
La Iglesia Ante el Racismo
264
_b
Salesiana
942
_c
LIB
999
_c
15656
_d
15656